Intermediate Financial Management. (Record no. 349066)

000 -LEADER
fixed length control field 00422 a2200169 4500
020 ## - INTERNATIONAL STANDARD BOOK NUMBER
International Standard Book Number 0030333288
022 ## - INTERNATIONAL STANDARD SERIAL NUMBER
International Standard Serial Number 9780030333286
082 ## - DEWEY DECIMAL CLASSIFICATION NUMBER
Classification number 658.15
090 ## - LOCALLY ASSIGNED LC-TYPE CALL NUMBER (OCLC); LOCAL CALL NUMBER (RLIN)
-- 6716
-- 6716
100 ## - MAIN ENTRY--PERSONAL NAME
Personal name Brigham,Eugene F.
245 ## - TITLE STATEMENT
Title Intermediate Financial Management.
Statement of responsibility, etc. Eugene F.Brigham
250 ## - EDITION STATEMENT
Edition statement 7th.
260 ## - PUBLICATION, DISTRIBUTION, ETC.
Place of publication, distribution, etc. Singapore.
Name of publisher, distributor, etc. South-Western
Date of publication, distribution, etc. 2002.
300 ## - PHYSICAL DESCRIPTION
Extent 988p.
500 ## - GENERAL NOTE
General note Hard cover
942 ## - ADDED ENTRY ELEMENTS (KOHA)
Institution code [OBSOLETE] NBS
Koha item type Book
Call number prefix 658.15 BRI
Holdings
Withdrawn status Lost status Damaged status Not for loan Permanent Location Current Location Date acquired Total Checkouts Total Renewals Full call number Barcode Date last seen Date last checked out Price effective from Koha item type
        Central Library (CL) Central Library (CL) 08/28/2013 4 1 658.15 BRI NBS6302 01/23/2019 11/23/2018 08/28/2013 Book
© 2023 Central Library, National University of Sciences and Technology. All Rights Reserved.